书目信息 |
| 题名: |
第三世界的社会主义
|
|
| 作者: | 德斯福瑟丝 , Desfosses , 莱维斯克 , Levesque 编 ;复旦大学国际政治系 译 | |
| 分册: | ||
| 出版信息: | 北京 商务印书馆 1983 |
|
| 页数: | 374页 | |
| 开本: | 21cm | |
| 丛书名: | ||
| 单 册: | ||
| 中图分类: | D501 | |
| 科图分类: | ||
| 主题词: | 第三世界-社会主义 , 社会主义-第三世界 | |
| 电子资源: | ||
| ISBN: | ||
| 000 | 00939nam0 2200301 45 | |
| 001 | 0183003230 | |
| 005 | 20040421092050.0 | |
| 010 | @dCNY1.50 | |
| 091 | @a3017.331 | |
| 100 | @a19950704d1983 emky0chiy0121 ea | |
| 101 | 1 | @achi@ceng |
| 102 | @aCN@b110000 | |
| 105 | @ay z 000yy | |
| 106 | @ar | |
| 200 | 10 | @a第三世界的社会主义@Adi san shi jie de she hui zhu yi@f(美)德斯福瑟丝(H.Desfosses)(美)莱维斯克(J.Levesque)编@g复旦大学国际政治系译 |
| 210 | @a北京@c商务印书馆@d1983 | |
| 215 | @a374页@d21cm | |
| 606 | @a第三世界-社会主义 | |
| 606 | @a社会主义-第三世界 | |
| 690 | @aD501@v3 | |
| 701 | 1 | @a德斯福瑟丝@Ade si fu se si@bH.@4编 |
| 701 | A1 | @aDesfosses@bH.@4编 |
| 701 | 1 | @a莱维斯克@Alai wei si ke@bJ.@4编 |
| 701 | A1 | @aLevesque@bJ.@4编 |
| 712 | 02 | @a复旦大学国际政治系@Afu dan da xue guo ji zheng zhi xi@4译 |
| 801 | 0 | @aCN@b上海图书馆@c20040421 |
| 801 | 2 | @aCN@bNLC@c20040421 |
| 905 | @f2@b96081-082@dD501@e17 | |
| 第三世界的社会主义/(美)德斯福瑟丝(H.Desfosses)(美)莱维斯克(J.Levesque)编/复旦大学国际政治系译.-北京:商务印书馆,1983 |
| 374页;21cm |
| ISBN :CNY1.50 |
| ● |
| 相关链接 |
|
|
|
|
正题名:第三世界的社会主义
索取号:D501/17
 
预约/预借
| 序号 | 登录号 | 条形码 | 馆藏地/架位号 | 状态 | 备注 |
| 1 | 0096081 | 000482178 | 第一样本阅览室/ [索取号:D501/17] | 在馆 | |
| 2 | 0096082 | 000482533 | 密集书库/ [索取号:D501/17] | 在馆 | |
| 3 | 0096083 | 001766903 | 密集书库/ [索取号:D501/17] | 在馆 | |
| 4 | 0176513 | 001764914 | 密集书库/ [索取号:D501/17] | 在馆 | |
| 5 | 0176514 | 001764870 | 密集书库/ [索取号:D501/17] | 在馆 |